Génesis de las revoluciones (Record no. 185098)

MARC details
000 -LEADER
campo de control de longitud fija 01045nam a2200277 i 4500
001 - NÚMERO DE CONTROL
campo de control 185098
003 - IDENTIFICADOR DE NÚMERO DE CONTROL
campo de control SpMaBN
005 - FECHA Y HORA DE LA ÚLTIMA TRANSACCIÓN
campo de control 20251003165528.0
008 - DATOS DE LONGITUD FIJA--INFORMACIÓN GENERAL
campo de control de longitud fija 160321s1945 sp |||| |dspa d
080 ## - NÚMERO DE LA CLASIFICACIÓN DECIMAL UNIVERSAL
Número de la Clasificación Decimal Universal 32:929 Cochin, Augustin
080 ## - NÚMERO DE LA CLASIFICACIÓN DECIMAL UNIVERSAL
Número de la Clasificación Decimal Universal 323.2(01)
100 1# - ENTRADA PRINCIPAL--NOMBRE DE PERSONA
Nombre de persona Meaux, Antoine de.
9 (RLIN) 159177
245 10 - MENCIÓN DEL TÍTULO
Título Génesis de las revoluciones
Resto del título : (según Agustín Cochin) /
Mención de responsabilidad, etc. Antoine de Meaux ; [versión española por Juan de la Cierva].
250 ## - MENCION DE EDICION
Mención de edición 1ª ed.
260 ## - PUBLICACIÓN, DISTRIBUCIÓN, ETC.
Lugar de publicación, distribución, etc. Madrid :
Nombre del editor, distribuidor, etc. [Ediciones y Publicaciones Españolas],
Fecha de publicación, distribución, etc. 1945 (
Fabricante Tall. Gráf. Marisal)
300 ## - DESCRIPCIÓN FÍSICA
Extensión 171 p. ;
Dimensiones 19 cm.
490 1# - MENCIÓN DE SERIE
Mención de serie Temas actuales ;
Designación de volumen o secuencia 2
504 ## - NOTA DE BIBLIOGRAFÍA, ETC.
Nota de bibliografía, etc. Referencias bibliográficas.
600 17 - PUNTO DE ACCESO ADICIONAL DE MATERIA--NOMBRE DE PERSONA
Nombre de persona Cochin, Augustin,
Fechas asociadas al nombre 1876-1916
Fuente del encabezamiento o término
9 (RLIN) 163110
650 #4 - PUNTO DE ACCESO ADICIONAL DE MATERIA--TÉRMINO DE MATERIA
Término de materia o nombre geográfico como elemento de entrada Historia-
Subdivisión general Filosofía.
9 (RLIN) 13380
650 07 - PUNTO DE ACCESO ADICIONAL DE MATERIA--TÉRMINO DE MATERIA
Término de materia o nombre geográfico como elemento de entrada Revoluciones
Fuente del encabezamiento o término embne
9 (RLIN) 16897
700 1# - ENTRADA AGREGADA--NOMBRE PERSONAL
Nombre de persona Cierva y Peñafiel, Juan de la,
Fechas asociadas al nombre 1864-1938
9 (RLIN) 38791
830 1# - PUNTO DE ACCESO ADICIONAL DE SERIE-TÍTULO UNIFORME
Título uniforme Temas actuales ;
Designación de volumen o secuencia 2
9 (RLIN) 180872
852 ## - LOCALIZACIÓN
Ubicación ES-MaACL
Número de control de estantería L-30278
Nota libre - Enc. cart.
-- - Donat. Carmen Zumárraga
Holdings
Estatus retirado Estado de pérdida Estado de daño No para préstamo Biblioteca de origen Biblioteca actual Ubicación en estantería Fecha de adquisición Fuente de adquisición Total de préstamos Signatura topográfica completa Código de barras Visto por última vez Precio de reemplazo Tipo de ítem Koha
        Biblioteca del Ateneo de Madrid Biblioteca del Ateneo de Madrid Depósito 2 21/03/2016     L-30278 1194967 23/02/2023 23/02/2023 Libro impreso